[Event "1. Bamberg-Open 2018"]
[Site "Bamberg"]
[Date "2018.05.12"]
[Round "6"]
[White "Mons, Leon"]
[Black "Donchenko, Anatoly"]
[Result "1-0"]
[WhiteElo "2551"]
[BlackElo "2301"]
[Annotator "TA"]
[PlyCount "65"]
[EventDate "2018.??.??"]
[EventType "swiss"]
[EventCountry "GER"]
[SourceTitle "playchess.com"]
[Source "ChessBase"]
[SourceQuality "1"]

{[%evp 22,65,12,0,0,0,9,10,19,10,33,15,35,24,28,32,30,35,110,94,113,97,149,110,286,285,260,278,460,411,459,434,1033,1014,1020,1007,1025,1019,981,962,1395,1015,29984,29985,29994,29995]} 1. Nf3 Nf6 2. c4 e6 3. e3 d5 4. b3 Be7 5. Bb2 O-O 6. Nc3 b6 7. d4 Bb7 8. Bd3 c5 9. O-O cxd4 10. exd4 Nc6 11. Rc1 Rc8 12. Re1 {LiveBook: 96 Games} g6 {E14: Queen's Indian: Classical Variation (4 e3)} 13. cxd5 Nxd5 14. Nxd5 exd5 {The position is equal.} (14... Qxd5 15. Be4 Qd7 16. d5 exd5 17. Qxd5 Qxd5 18. Bxd5 Bb4 19. Red1 Na5 20. Bxb7 Nxb7 {1-0 (57) Anton Guijarro,D (2650)-Banikas,H (2568) Doha 2016}) 15. Qd2 $146 ({Predecessor:} 15. Ne5 Bg5 16. Rc2 Nb4 17. Rxc8 Qxc8 18. Bb1 Re8 19. h3 f6 20. Nf3 Bh6 21. a3 Nc6 22. b4 Rxe1+ 23. Qxe1 Kf7 24. Bd3 Qe6 {½-½ (24) Hildebrand,G (2180)-Schmidt,G (2234) Dresden 2004}) 15... Bf6 16. Qf4 Bg7 17. h4 {[%cal Bh2h4,Bh4h5][%mdl 32]} Qf6 18. Qg4 Rfd8 19. h5 Ne7 (19... Nb4 $14 20. Bb1 Bh6) 20. Ne5 $36 {[%mdl 2048] White is in control.} Nf5 21. Rcd1 Nh6 (21... Re8 $142) 22. Qh3 Rc7 $2 {[#]} (22... Nf5 $16) 23. Bc1 $1 $18 {[%cal Rc1h6,Bb2c1,Bc1g5,Bg5f6][%mdl 32]} Bc8 24. Qh2 Nf5 $2 (24... Rxc1 25. Rxc1 Ng4) 25. Ng4 $1 {[%csl LRc7,LRf6]} ({Less strong is} 25. hxg6 fxg6 26. Nf3 Rf7 $18) 25... Qc6 26. Bg5 Rcd7 (26... Re7 $142 27. Bxe7 Nxe7) 27. Bxf5 gxf5 28. Ne5 Bxe5 29. dxe5 {[%cal Bd4e5,Be5e6][%mdl 32]} f6 30. Bxf6 {Qg3+ is the strong threat.} Re8 31. Qf4 d4 32. Qg5+ Kf7 {[#]} 33. e6+ $1 {[%mdl 512] Precision: White = 72%, Black = 33%.} 1-0

[Event "1. Bamberg-Open 2018"]
[Site "Bamberg"]
[Date "2018.05.12"]
[Round "6"]
[White "Danin, Alexandre"]
[Black "Kunin, Vitaly"]
[Result "1/2-1/2"]
[WhiteElo "2537"]
[BlackElo "2545"]
[Annotator "TA"]
[PlyCount "64"]
[EventDate "2018.??.??"]
[EventType "swiss"]
[EventCountry "GER"]
[SourceTitle "playchess.com"]
[Source "ChessBase"]
[SourceQuality "1"]

{[%evp 20,64,17,20,24,22,21,21,19,22,37,20,39,42,45,8,35,37,33,6,6,6,6,6,6,6,6,6,0,0,33,-8,0,-6,-6,-22,25,0,0,0,87,0,0,0,0,0,7]} 1. e4 d6 2. d4 Nf6 3. Nc3 e5 4. Nf3 Nbd7 5. Bc4 Be7 6. O-O O-O 7. a4 c6 8. Ba2 a5 9. Qe2 {C41: Philidor Defence} (9. Bg5 Qc7 10. Bh4 Re8 11. Qe2 exd4 12. Nxd4 Nc5 13. Qf3 Be6 14. Nxe6 fxe6 15. Bg3 Kh8 16. Qe2 e5 {1-0 (57) Mamedov,R (2650)-Ivanchuk,V (2710) Huaian 2016}) 9... exd4 10. Nxd4 Nc5 11. f3 {LiveBook: 5 Games} Be6 12. Be3 Bxa2 13. Rxa2 g6 14. Raa1 Re8 $146 ({Predecessor:} 14... Nfd7 15. Rad1 Bf6 16. b3 Qe7 17. Qd2 Rfe8 18. Bf4 Be5 {½-½ (18) Hugentobler,P (2446)-Pegg,R (2447) ICCF email 2008}) 15. Rad1 Qc7 16. Qf2 Bf8 17. Nde2 Ne6 18. Kh1 d5 19. exd5 (19. Bb6 $5 {[%cal Rb6c7]} Qd6 20. exd5 Nxd5 21. f4 $14) 19... Nxd5 20. Nxd5 cxd5 21. Nc3 d4 $1 {[%cal Rd4e3]} 22. Bxd4 Nxd4 23. Rxd4 Bg7 24. Rd3 Rac8 25. Re1 Qc4 26. Rxe8+ Rxe8 27. b3 Qe6 28. g3 Qe1+ $1 29. Qxe1 Rxe1+ 30. Kg2 Rc1 $1 {[%cal Rc1c2] The position is equal.} 31. Ne4 {Strongly threatening c4.} Rxc2+ 32. Rd2 Rc6 {Precision: White = 63%, Black = 66%.} 1/2-1/2

[Event "1. Bamberg-Open 2018"]
[Site "Bamberg"]
[Date "2018.05.12"]
[Round "6"]
[White "Karpatchev, Aleksandr"]
[Black "Maier, Alexander"]
[Result "1-0"]
[WhiteElo "2463"]
[BlackElo "2267"]
[Annotator "TA"]
[PlyCount "77"]
[EventDate "2018.??.??"]
[EventType "swiss"]
[EventCountry "GER"]
[SourceTitle "playchess.com"]
[Source "ChessBase"]
[SourceQuality "1"]

{[%evp 12,77,85,77,135,116,123,129,130,108,116,121,139,134,114,114,177,150,199,200,189,142,279,188,186,154,177,177,193,162,181,187,211,157,221,162,187,173,161,174,181,119,145,96,162,175,356,341,327,314,318,302,481,459,568,368,368,360,354,375,362,354,1103,1102,1057,859,675,382]} 1. e4 b6 2. d4 Bb7 3. Nc3 e6 4. Bd3 Nf6 5. Nge2 d5 6. e5 {B00: Queen's Fianchetto Defence, Nimzowitsch Defence} Nfd7 7. Nf4 {LiveBook: 7 Games. And now Nxe6! would win.} Qe7 (7... Qc8 $142) 8. Nb5 $16 {[%cal Bc3b5,Bb5a3,Ba3c2,Bc2e3][%mdl 32] White is clearly better.} Kd8 9. O-O a6 {[#]} 10. Na3 $1 b5 11. c3 c5 $146 ({Predecessor:} 11... Nb6 12. Qg4 N8d7 13. Nh5 {1-0 (37) Kovalenko,I (2634)-Bogdanovich,G (2339) Basel 2014}) 12. b3 Nc6 13. Nc2 Nb6 (13... b4 $16) 14. Re1 cxd4 15. cxd4 Qd7 16. Bf1 Nb4 (16... g6 $16 17. Bb2 h5) 17. Ne3 Rc8 18. Bb2 Qc7 19. Qf3 Qd7 20. Qe2 Rc7 21. Qd2 Qc8 22. Rec1 Nc6 (22... Ke8 $16 23. Be2 g6) 23. Rc2 Nb4 24. Rxc7 Qxc7 25. Rc1 Nc6 26. Nd3 (26. Qd1 $18) 26... Nd7 27. b4 Qb6 (27... Nb6 $16 {might work better.}) 28. Nc5 $36 {[%mdl 2048] White has strong initiative.} Nxc5 $2 (28... Ke8 29. Bc3 Qa7) 29. dxc5 ({Weaker is} 29. bxc5 Qa5 $16) 29... Qc7 30. a4 bxa4 31. Nc4 Ke8 (31... Rg8 $142 32. Nd6 Kd7) 32. Nd6+ Bxd6 33. exd6 Qd7 34. Bxg7 Rg8 35. Bf6 Rg6 36. Qf4 Nxb4 $2 (36... e5 37. Bxe5 Qg4) 37. Qxb4 {Intending c6! and mate.White is clearly winning.} Rxf6 {[#]} 38. c6 $1 {[%mdl 512]} Bxc6 39. Qb8+ {Precision: White = 59%, Black = 38%.} 1-0

[Event "1. Bamberg-Open 2018"]
[Site "Bamberg"]
[Date "2018.05.12"]
[Round "6"]
[White "Keymer, Vincent"]
[Black "Noe, Christopher"]
[Result "1/2-1/2"]
[WhiteElo "2443"]
[BlackElo "2518"]
[Annotator "TA"]
[PlyCount "54"]
[EventDate "2018.??.??"]
[EventType "swiss"]
[EventCountry "GER"]
[SourceTitle "playchess.com"]
[Source "ChessBase"]
[SourceQuality "1"]

{[%evp 16,54,47,25,20,26,12,0,16,20,22,22,52,0,15,0,3,10,15,0,10,-35,-30,-30,-43,-51,-38,-97,-99,-90,-68,-65,-41,-82,-31,-33,-28,-30,-24,-30,-25]} 1. Nf3 Nf6 2. c4 e6 3. Nc3 c5 4. d4 cxd4 5. Nxd4 a6 6. e3 Be7 7. Be2 O-O 8. O-O Qc7 9. b3 {LiveBook: 4 Games. A32: Symmetrical English: 2 Nf3 Nf6 3 d4 cxd4 4 Nxd4 e6} (9. e4 d6 10. Be3 Nbd7 11. Rc1 b6 12. Qd2 Bb7 13. f3 Rac8 14. Rfd1 Qb8 15. Bf1 Bd8 16. b3 Bc7 {1-0 (47) Usmanov,V (2432)-Chigaev,M (2531) Moscow 2017}) 9... d5 10. Bb2 dxc4 11. Bxc4 {The position is equal.} Bd7 $146 ({Predecessor:} 11... b5 12. Be2 e5 13. Nf3 Rd8 14. Qc1 e4 15. Nd4 Bd6 16. h3 Qc5 {0-1 (29) Dodic,D (2102)-Zajic,M (2415) Paracin 2014}) 12. Bd3 Nc6 13. Rc1 Qd8 14. Nce2 (14. Nf3 $14) 14... Rc8 15. Bb1 Qa5 16. Bc3 Qh5 17. Qd2 Rfd8 18. Qb2 Nxd4 19. Bxd4 Rxc1 20. Rxc1 Bc6 21. h3 (21. f3 $15) 21... Qg5 $17 {[%csl Gc6][%cal Rg5g2] [#]} 22. Ng3 h5 23. Bxf6 $1 Bxf6 24. Qc2 g6 ({Better is} 24... h4 $17 25. Qh7+ (25. Ne4 Qd5 $15) 25... Kf8) 25. Ne4 $15 Qe5 26. Nxf6+ Qxf6 27. Rd1 Rxd1+ {Precision: White = 46%, Black = 45%.} 1/2-1/2

[Event "1. Bamberg-Open 2018"]
[Site "Bamberg"]
[Date "2018.05.12"]
[Round "6"]
[White "Scholz, Christian"]
[Black "Spitzl, Vinzent"]
[Result "1-0"]
[WhiteElo "2388"]
[BlackElo "2254"]
[Annotator "NA"]
[PlyCount "67"]
[EventDate "2018.??.??"]
[EventType "swiss"]
[EventCountry "GER"]
[SourceTitle "playchess.com"]
[Source "ChessBase"]
[SourceQuality "1"]
[TimeControl "40/5400+30:900+30"]

{[%evp 13,66,21,32767,32767,32767,32767,10,8,16,8,0,0,19,32767,18,16,32767,0,32767,0,12,32767,37,36,32767,60,32767,59,234,97,32767,192,32767,152,139,128,32767,32767,32767,32767,121,32767,32767,32767,32767,323,32767,429,499,32767,622,671,760,32767,1364]} 1. d4 {[%emt 0:00:00]} d5 {[%emt 0:01:21]} 2. c4 {[%emt 0:00:00]} e6 {[%emt 0:00:05]} 3. Nc3 {[%emt 0:00:00]} Bb4 {[%emt 0:00:04]} 4. Nf3 {[%emt 0:00:00]} Nf6 {[%emt 0:00:05]} 5. Bg5 {[%emt 0:00:17]} h6 {[%emt 0:00:28]} 6. Bxf6 {[%emt 0:00:06]} Qxf6 {[%emt 0:00:05]} 7. e3 {[%emt 0:00:10] LiveBook: 722 Games} O-O {[%emt 0:00:25]} 8. Rc1 {[%emt 0:00:07]} Nc6 {[%emt 0:00:13]} 9. Qb3 {[%emt 0:06:48] D38: Queen's Gambit Declined: Ragozin Defence (4 Nf3 Bb4)} (9. cxd5 exd5 10. a3 Bxc3+ 11. Rxc3 Ne7 12. Be2 c6 13. O-O Ng6 14. b4 a6 15. a4 Bg4 16. Ne1 Bxe2 17. Qxe2 Rfe8 18. Qf3 Qg5 19. Qg3 Qf6 20. Qf3 Qg5 21. Qg3 Qf6 22. Qf3 {½-½ (22) Bu,X (2730)-Harikrishna,P (2744) Riadh 2017}) 9... a5 {[%emt 0:00:11]} 10. a3 {[%emt 0:07:49]} a4 {[%emt 0:02:32]} 11. Qc2 {[%emt 0:00:13]} Ba5 {[%emt 0:00:30]} 12. Nd2 $146 {[%emt 0:13:37]} ({Predecessor:} 12. Be2 dxc4 13. Bxc4 e5 14. d5 Nd4 15. Qd1 Bg4 16. exd4 e4 17. h3 exf3 18. hxg4 fxg2 19. Rg1 Rfe8+ 20. Be2 Qf3 21. Rc2 Re7 22. Kd2 Qxf2 23. Kc1 Rae8 {0-1 (23) Lukacs,P (2420)-Horvath,P (2482) Budapest 2002}) 12... Rd8 {[%emt 0:10:31]} 13. Be2 {[%emt 0:06:51]} Bxc3 {[%emt 0:01:58]} 14. bxc3 {[%emt 0:06:37]} dxc4 {[%emt 0:01:34]} 15. Bxc4 {[%emt 0:02:46]} e5 {[%emt 0:01:18]} 16. O-O {[%emt 0:00:57]} Qd6 {[%emt 0:07:50]} 17. Qa2 {[%emt 0:12:35]} Qg6 {[%emt 0:03:39]} 18. f4 {[%emt 0:04:37]} exd4 {[%emt 0:04:05]} 19. cxd4 {[%emt 0:03:26]} Na5 {[%emt 0:04:49]} 20. f5 {[%emt 0:13:11]} Qf6 $2 {[%emt 0:03:45] [#]} ({Better is} 20... Bxf5 $14 21. Bxf7+ Qxf7 22. Qxf7+ Kxf7) 21. Bd3 {[%emt 0:03:21]} (21. Ne4 $1 $18 {[%cal Re4f6] is the precise move to win.} Qe7 22. Bd3) 21... Qg5 {[%emt 0:12:05]} 22. Rf3 {[%emt 0:01:28]} ({Stronger than} 22. Rxc7 Qxe3+ 23. Kh1 Bd7 $15) 22... Nb3 {[%emt 0:00:58]} 23. Nxb3 {[%emt 0:04:24]} axb3 {[%emt 0:00:07]} 24. Qxb3 {[%emt 0:00:25]} Qe7 {[%emt 0:01:18]} 25. a4 {[%emt 0:00:59]} Rd6 {[%emt 0:00:17]} 26. Bc4 {[%emt 0:01:52]} Ra5 {[%emt 0:02:25]} (26... Rf6 $14) 27. f6 {[%emt 0:00:56]} Rxf6 {[%emt 0:00:55] [#]} 28. Bxf7+ $1 {[%emt 0:00:16]} Kh7 {[%emt 0:02:28]} 29. Rxf6 {[%emt 0:01:54]} Qxf6 {[%emt 0:00:27]} 30. Rxc7 {[%emt 0:00:58]} Bg4 {[%emt 0:04:16]} 31. Bc4 {[%emt 0:01:58]} h5 {[%emt 0:02:48]} 32. Bd3+ {[%emt 0:01:11]} Bf5 {[%emt 0:01:06]} 33. Rf7 {[%emt 0:02:25]} Qg5 $18 {[%emt 0:02:27]} 34. Bxf5+ {[%emt 0:00:30]} 1-0

[Event "1. Bamberg-Open 2018"]
[Site "Bamberg"]
[Date "2018.05.12"]
[Round "6"]
[White "Troyke, Christian"]
[Black "Pfadenhauer, Johannes"]
[Result "1-0"]
[WhiteElo "2342"]
[BlackElo "2167"]
[Annotator "ChessBase"]
[PlyCount "81"]
[EventDate "2018.??.??"]
[EventType "swiss"]
[EventCountry "GER"]
[SourceTitle "playchess.com"]
[Source "ChessBase"]
[SourceQuality "1"]
[TimeControl "40/5400+30:900+30"]

1. g3 {[%emt 0:00:00]} g6 {[%emt 0:00:11]} 2. Bg2 {[%emt 0:00:00]} Bg7 {[%emt 0:00:03]} 3. d4 {[%emt 0:00:00]} c5 {[%emt 0:01:20]} 4. c3 {[%emt 0:00:02]} cxd4 {[%emt 0:02:38]} 5. cxd4 {[%emt 0:00:11]} Nf6 {[%emt 0:00:02]} 6. e4 {[%emt 0:00:29]} d6 {[%emt 0:00:53]} 7. Nc3 {[%emt 0:00:23]} O-O {[%emt 0:00:07]} 8. Nge2 {[%emt 0:00:27]} Nc6 {[%emt 0:01:44]} 9. O-O {[%emt 0:00:20]} e5 {[%emt 0:01:37]} 10. h3 {[%emt 0:02:20]} Nd7 {[%emt 0:09:39]} 11. Be3 {[%emt 0:03:36]} Qe7 {[%emt 0:03:58]} 12. Rc1 {[%emt 0:04:30]} Nb6 {[%emt 0:07:19]} 13. b3 {[%emt 0:03:36]} Rd8 {[%emt 0:02:20]} 14. d5 {[%emt 0:04:01]} Nb8 {[%emt 0:00:16]} 15. Nb5 {[%emt 0:00:15]} Na6 {[%emt 0:01:07]} 16. Nxa7 {[%emt 0:00:27]} Nc5 {[%emt 0:03:06]} 17. Nxc8 {[%emt 0:01:53]} Rdxc8 {[%emt 0:00:31]} 18. Qd2 {[%emt 0:01:31]} f5 {[%emt 0:01:25]} 19. exf5 {[%emt 0:08:12]} gxf5 {[%emt 0:00:18]} 20. f4 {[%emt 0:00:13]} e4 {[%emt 0:01:56]} 21. Nd4 {[%emt 0:03:39]} Qf7 {[%emt 0:04:36]} 22. Ne6 {[%emt 0:02:32]} Nbd7 {[%emt 0:11:10]} 23. Rfd1 {[%emt 0:20:38]} Bf6 {[%emt 0:06:04]} 24. g4 {[%emt 0:05:33]} Be7 {[%emt 0:08:49]} 25. Bf1 {[%emt 0:04:11]} Qg6 {[%emt 0:01:26]} 26. Qg2 {[%emt 0:01:43]} Kf7 {[%emt 0:03:28]} 27. Bc4 {[%emt 0:03:19]} h5 {[%emt 0:02:08]} 28. g5 {[%emt 0:01:09]} h4 {[%emt 0:02:37]} 29. Kh1 {[%emt 0:04:50]} Ra3 {[%emt 0:01:03]} 30. Qe2 {[%emt 0:02:12]} b6 {[%emt 0:06:08]} 31. Bb5 {[%emt 0:02:27]} Rca8 {[%emt 0:01:08]} 32. Rc2 {[%emt 0:03:21]} Nf8 {[%emt 0:04:01]} 33. Nxc5 {[%emt 0:04:16]} bxc5 {[%emt 0:00:40]} 34. Ba4 {[%emt 0:00:43]} Qh7 {[%emt 0:01:24]} 35. Rc4 {[%emt 0:01:55]} Ng6 {[%emt 0:09:02]} 36. Rf1 {[%emt 0:00:25]} Qg8 {[%emt 0:00:39]} 37. Bc1 {[%emt 0:01:08]} Nxf4 {[%emt 0:01:54]} 38. Bxf4 {[%emt 0:01:03]} Bxg5 {[%emt 0:00:29]} 39. Bxg5 {[%emt 0:02:30]} Qxg5 {[%emt 0:00:13]} 40. Rxe4 {[%emt 0:00:21]} R8xa4 {[%emt 0:16:56]} 41. Rxa4 1-0

[Event "1. Bamberg-Open 2018"]
[Site "Bamberg"]
[Date "2018.05.12"]
[Round "6"]
[White "Goldbeck, Lars"]
[Black "Chatalbashev, Boris"]
[Result "0-1"]
[WhiteElo "2247"]
[BlackElo "2561"]
[Annotator "TA"]
[PlyCount "34"]
[EventDate "2018.??.??"]
[EventType "swiss"]
[EventCountry "GER"]
[SourceTitle "playchess.com"]
[Source "ChessBase"]
[SourceQuality "1"]

{[%evp 19,34,15,0,-44,-41,-42,-24,-252,-248,-517,-515,-504,-512,-504,-460,-487,-453]} 1. d4 Nf6 2. c4 g6 3. f3 c5 4. d5 e6 5. e4 exd5 6. cxd5 {E60: King's Indian: Unusual lines and Fianchetto Variation without Nc3} d6 7. Ne2 Bg7 8. Nec3 a6 9. a4 Nh5 10. Be3 f5 {LiveBook: 3 Games} 11. Nd2 $146 ({Predecessor:} 11. exf5 gxf5 {0-1 (35) Nakamura,H (2787)-Bok,B (2594) Douglas 2016}) 11... O-O 12. Bd3 Nd7 13. exf5 $2 {[#]} (13. Nc4 $11) 13... Re8 $1 $19 {[%cal Re8e3]} 14. Kf2 $2 {[#]} (14. Nce4 gxf5 15. O-O fxe4 16. fxe4) 14... Rxe3 $1 {[%mdl 512] Black is clearly winning.} 15. Kxe3 Bd4+ 16. Ke2 Nf4+ 17. Kf1 Nxd3 0-1

[Event "1. Bamberg-Open 2018"]
[Site "Bamberg"]
[Date "2018.05.12"]
[Round "6"]
[White "Hovsepyan, Vardan"]
[Black "Donchenko, Alexander"]
[Result "0-1"]
[WhiteElo "2244"]
[BlackElo "2587"]
[Annotator "TA"]
[PlyCount "81"]
[EventDate "2018.??.??"]
[EventType "swiss"]
[EventCountry "GER"]
[SourceTitle "playchess.com"]
[Source "ChessBase"]
[SourceQuality "1"]

{[%evp 19,81,0,0,-52,-50,-45,-52,-59,-17,-75,-32,-46,-52,-81,0,-145,-144,-233,-231,-251,-208,-347,-336,-308,-304,-300,-296,-368,-377,-380,-379,-373,-373,-349,-366,-343,-309,-382,-376,-414,-299,-366,-384,-444,-437,-440,-436,-430,-424,-551,-545,-651,-633,-885,-879,-1040,-898,-1732,-1642,-29964,-6187,-5110,-4914,-29997]} 1. e4 c5 2. Nc3 d6 3. Nge2 Nf6 4. g3 g6 5. Bg2 Bg7 6. O-O Nc6 7. d3 O-O 8. h3 Rb8 9. f4 {[%cal Bf2f4,Bf4f5][%mdl 32]} Nd7 10. f5 {B25: Closed Sicilian: 3 g3, lines without early Be3} (10. g4 b5 11. Nd5 e6 12. Ne3 Bb7 13. f5 Qh4 14. c3 Rfe8 15. a4 b4 16. Nc4 Qe7 17. Bf4 Nce5 {1-0 (49) Guseinov,G (2646)-Huschenbeth,N (2549) Batumi 2018}) 10... b5 {[%cal Bb7b5,Bb5b4][%mdl 32] LiveBook: 3 Games} 11. Kh1 $146 (11. a3 $11) ({Predecessor:} 11. Nf4 b4 12. Nce2 a5 13. g4 a4 14. Rb1 Nd4 15. Ng3 a3 16. b3 Ne5 17. Nfe2 Nxe2+ 18. Qxe2 {½-½ (62) Melekhina,A (2270)-Gerzhoy,L (2409) Edmonton 2009}) 11... e6 $15 12. Qe1 {Black is slightly better.} b4 13. Nd1 Nde5 {[%cal Re6f5]} 14. Ne3 (14. g4 $11 {remains equal.}) 14... Nd4 15. g4 Bb7 $36 {[%mdl 2048] Black fights for an advantage.} 16. Nf4 d5 (16... Bh6 $17 17. b3 a5) 17. Rb1 (17. exd5 $11 {keeps the balance.} exd5 18. Qf2) 17... dxe4 $17 18. dxe4 (18. Bxe4 $17 {might work better.} Qc8 19. Qf2) 18... Ba6 $19 19. Rf2 Qh4 20. Qg1 (20. Rf1 {is a better defense.} Qe7 21. Rf2) 20... Bh6 {[%cal Bg7h6,Bh6f4,Bf4g3][%mdl 32]} 21. Bd2 {[#]} Nef3 $1 {[%mdl 512]} 22. Bxf3 {aiming for Bg2.} (22. Rxf3 Nxf3) 22... Bxf4 23. Bg2 Bg3 24. Be1 Ne2 25. Rxe2 Bxe2 26. Bxg3 Qxg3 27. Nf1 Qe5 28. Qf2 Bxf1 29. Rxf1 f6 30. Qe3 exf5 ({But not} 30... Qxb2 31. fxg6 hxg6 32. Qh6 $19) 31. Qb3+ Kg7 32. exf5 Rbd8 33. a3 a5 ({Resist} 33... Rd2 34. axb4 cxb4 35. Qxb4 $19) 34. axb4 cxb4 35. fxg6 hxg6 36. Ra1 Rd2 37. Qc4 Rfd8 {[#] ( -> ...Qg3)} 38. Rf1 Rd1 39. b3 Rxf1+ (39... R8d2 $142 40. Rxd1 Rxd1+ 41. Bf1 Qe3 42. g5 Qf3+ 43. Kg1 fxg5 44. Qb5 Qg3+ 45. Kh1 Qf2 46. Qe5+ Kh7 47. Qc7+ Kh6 48. Qc4 Rxf1+ 49. Qxf1 Qxf1+ 50. Kh2 Qf2+ 51. Kh1 Kh5 52. h4 gxh4 53. c3 h3 54. cxb4 Qg2#) 40. Qxf1 Rd2 41. Qd1 {Precision: White = 23%, Black = 62%.} 0-1

[Event "1. Bamberg-Open 2018"]
[Site "Bamberg"]
[Date "2018.05.12"]
[Round "6"]
[White "Tscharotschkin, Michael"]
[Black "Popvasilev, Kaloyan"]
[Result "1-0"]
[WhiteElo "2219"]
[BlackElo "2050"]
[Annotator "NA"]
[PlyCount "53"]
[EventDate "2018.??.??"]
[EventType "swiss"]
[EventCountry "GER"]
[SourceTitle "playchess.com"]
[Source "ChessBase"]
[SourceQuality "1"]
[TimeControl "40/5400+30:900+30"]

{[%evp 15,52,8,32767,32767,32767,32767,32767,32767,0,1,0,0,0,32767,-7,0,-12,0,-11,32767,-8,-14,53,32767,28,41,32767,32767,32767,32767,32767,32767,214,99,150,32767,29981,29987,29991]} 1. e4 {[%emt 0:00:00]} c5 {[%emt 0:00:07]} 2. c3 {[%emt 0:00:00]} Nf6 {[%emt 0:00:35]} 3. e5 {[%emt 0:00:00]} Nd5 {[%emt 0:00:07]} 4. d4 {[%emt 0:00:00]} cxd4 {[%emt 0:01:11]} 5. cxd4 {[%emt 0:00:07]} Nc6 {[%emt 0:00:19]} 6. Nf3 {[%emt 0:00:07]} d6 {[%emt 0:00:54]} 7. Bc4 {[%emt 0:00:33]} e6 {[%emt 0:00:50]} 8. O-O {[%emt 0:00:22]} Be7 {[%emt 0:00:55]} 9. Qe2 {[%emt 0:00:54]} O-O {[%emt 0:03:48]} 10. Nc3 {[%emt 0:00:48]} Nxc3 {[%emt 0:05:57]} 11. bxc3 {[%emt 0:00:23]} dxe5 {[%emt 0:00:21]} 12. dxe5 {[%emt 0:03:21]} Qc7 {[%emt 0:00:55]} 13. Bd3 {[%emt 0:04:20]} b6 {[%emt 0:05:19] B22: Sicilian: 2 c3} 14. Qe4 {[%emt 0:07:57]} g6 {[%emt 0:00:50]} 15. Bh6 {[%emt 0:00:20]} Rd8 {[%emt 0:00:53]} 16. Rad1 {[%emt 0:01:24]} Bb7 {[%emt 0:06:37]} 17. Qf4 {[%emt 0:01:28]} Rd5 {[%emt 0:18:01] LiveBook: 12 Games} 18. Be4 {[%emt 0:01:38]} Rc5 {[%emt 0:06:57]} 19. Rfe1 {[%emt 0:06:46] [#]} Rc8 $146 {[%emt 0:17:21]} ({Predecessor:} 19... Rc4 20. Ng5 Nd8 21. Rd4 Rxd4 22. cxd4 {½-½ (43) Saldano Dayer,H (2425)-Pichot,A (2536) Villa Martelli 2016}) 20. h4 {[%emt 0:01:46]} Rc4 {[%emt 0:10:38]} 21. h5 {[%emt 0:07:17]} Nd8 {[%emt 0:11:12]} 22. hxg6 {[%emt 0:02:10]} hxg6 {[%emt 0:00:42]} 23. Nd2 {[%emt 0:02:45]} Ra4 {[%emt 0:03:33] [#]} 24. c4 {[%emt 0:03:50]} (24. Qg3 $1 $18 {has better winning chances.} Qxc3 25. Re3) 24... Nc6 {[%emt 0:02:31]} (24... Bc6 $142) 25. Qg3 {[%emt 0:03:57]} Rxa2 {[%emt 0:01:15] [#]} (25... Qxe5 $16 26. Qxe5 Nxe5) 26. Bxg6 $1 {[%emt 0:01:08]} Kh8 {[%emt 0:00:23]} 27. Bxf7 {[%emt 0:01:38]} 1-0